Podrobnosti MARC
| 000 -Návěští |
| Řídící pole kódované 24B |
02389nam a2200541 i 4500 |
| 001 - Kontrolní číslo |
| Řídící pole proměnné |
nkc20253703998 |
| 003 - Identifikátor kontrolního čísla |
| Řídící pole proměnné |
CZ PrSKC |
| 005 - Datum posledního zpracování |
| Řídící pole 16B |
20250930103334.0 |
| 007 - Pole pevné délky pro fyzický popis |
| Řídící pole kódované |
ta |
| 008 - Údaje pevné délky |
| Řídící pole kódované 40B |
250812s2025 xr a j f 000 0 cze |
| 020 ## - ISBN |
| ISBN |
9788000077710 |
| Dostupnost |
Kč 299,00 |
| 040 ## - Zdroj katalogizace-agentura |
| Agentura původní katalogizace |
OLA001 |
| Jazyk katalogizace |
cze |
| Použitá pravidla popisu |
rda |
| 041 1# - Kód jazyka |
| Kód jazyka textu/zvuku, mezititulků |
cze |
| Kód jazyka originálu |
eng |
| 072 #7 - Kód předmětové kategorie - Konspekt |
| Předmětová kategorie |
821.111.09 |
| Zpřesnění předmětové kategorie |
Anglická literatura, anglicky psaná (o ní) |
| Zdroj předmětové klasifikace |
Konspekt |
| 072 #7 - Kód předmětové kategorie - Konspekt |
| Předmětová kategorie |
0/9-053.2 |
| Zpřesnění předmětové kategorie |
Literatura pro děti a mládež (naučná) |
| Zdroj předmětové klasifikace |
Konspekt |
| 080 ## - MDT |
| Klasifikační znak MDT |
821.111-31 |
| Idetifikátor vydání MDT |
MRF |
| 080 ## - MDT |
| Klasifikační znak MDT |
82-312.9 |
| Idetifikátor vydání MDT |
MRF |
| 080 ## - MDT |
| Klasifikační znak MDT |
82-052 |
| Idetifikátor vydání MDT |
MRF |
| 080 ## - MDT |
| Klasifikační znak MDT |
(410) |
| Idetifikátor vydání MDT |
MRF |
| 080 ## - MDT |
| Klasifikační znak MDT |
(035) |
| Idetifikátor vydání MDT |
MRF |
| 080 ## - MDT |
| Klasifikační znak MDT |
(0.053.2) |
| Idetifikátor vydání MDT |
MRF |
| 100 1# - Hlavní záhlaví - osobní jméno autora |
| Osobní jméno |
Rowling, J. K., |
| Datumy související se jménem |
1965- |
| Kód role |
aut |
| 9 (RLIN) |
8222 |
| 240 10 - Unifikovaný název |
| Unifikovaný název |
<a href="Hermione Granger.">Hermione Granger.</a> |
| Jazyk díla |
Česky |
| 245 10 - Údaje o názvu |
| Název |
Potterovský průvodce : |
| Další údaje o názvu |
malá příručka k sérii Harry Potter od J.K. Rowling. |
| Název části/sekce díla |
Hermiona Grangerová / |
| Údaj o odpovědností, atd. |
ilustrovala Laura Proietti ; z anglického originálu Pocket Potters - Hermione Granger ... přeložila Kateřina Hajžmanová |
| 246 30 - Variantní vázvy |
| Hlavní název/zkrácený název |
Hermiona Grangerová |
| 250 ## - Údaje o vydání |
| Označení vydání |
1. vydání |
| 264 #1 - Nakladatelské údaje |
| Místo vydání |
V Praze : |
| Nakladatel |
Albatros, |
| Rok vydání |
2025 |
| 300 ## - Fyzický popis |
| Rozsah |
28 nečíslovaných stran : |
| další fyzické údaje |
barevné ilustrace ; |
| Rozměry |
23 cm |
| 520 2# - Anotace |
| Anotace, atd. |
Poznejte Hermionu Grangerovou, bystrou studentku, která má odpověď na každou otázku. Ilustrovaný průvodce fantasy světem knižní série o odvážném mladém čaroději a jeho přátelích zachycuje Hermionin intelekt, odhodlání i přátelskou povahu. |
| 600 17 - Vedlejší věcné záhlaví - osobní jméno |
| Osobní jméno |
Granger, Hermione |
| Tituly a jiné doplňky ke jménu |
(fiktivní postava), |
| Datumy související se jménem |
1979- |
| Zdroj záhlaví nebo termínu |
czenas |
| 9 (RLIN) |
19835 |
| 600 17 - Vedlejší věcné záhlaví - osobní jméno |
| Osobní jméno |
Rowling, J. K., |
| Datumy související se jménem |
1965- |
| Název díla |
Harry Potter series |
| Zdroj záhlaví nebo termínu |
czenas |
| 9 (RLIN) |
17403 |
| 648 #7 - Vedlejší věcné záhlaví - chronologický termín |
| Chronologický termín |
20.-21. století |
| Zdroj záhlaví nebo termínu |
czenas |
| -- |
117 |
| 650 07 - Vedlejší věcné záhlaví - věcné téma |
| Věcné téma |
anglický román |
| Chronologické zpřesnění |
20.-21. století |
| Zdroj záhlaví nebo termínu |
czenas |
| 9 (RLIN) |
1439 |
| 650 07 - Vedlejší věcné záhlaví - věcné téma |
| Věcné téma |
fantasy román |
| Geografické zpřesnění |
Velká Británie |
| Chronologické zpřesnění |
20.-21. století |
| Zdroj záhlaví nebo termínu |
czenas |
| 9 (RLIN) |
19832 |
| 650 07 - Vedlejší věcné záhlaví - věcné téma |
| Věcné téma |
literární postavy |
| Zdroj záhlaví nebo termínu |
czenas |
| 9 (RLIN) |
9588 |
| 650 09 - Vedlejší věcné záhlaví - věcné téma |
| Věcné téma |
English fiction |
| Chronologické zpřesnění |
20th-21st centuries |
| Zdroj záhlaví nebo termínu |
eczenas |
| 9 (RLIN) |
1444 |
| 650 09 - Vedlejší věcné záhlaví - věcné téma |
| Věcné téma |
fantasy fiction |
| Geografické zpřesnění |
Great Britain |
| Chronologické zpřesnění |
20th-21st centuries |
| Zdroj záhlaví nebo termínu |
eczenas |
| 9 (RLIN) |
19833 |
| 650 09 - Vedlejší věcné záhlaví - věcné téma |
| Věcné téma |
literary characters |
| Zdroj záhlaví nebo termínu |
eczenas |
| 9 (RLIN) |
9592 |
| 655 #7 - Rejstříkový termín - žánr/forma |
| Žánr/forma či základní termín |
příručky |
| -- |
106 |
| 655 #7 - Rejstříkový termín - žánr/forma |
| Žánr/forma či základní termín |
publikace pro děti |
| -- |
3 |
| 655 #9 - Rejstříkový termín - žánr/forma |
| Žánr/forma či základní termín |
handbooks and manuals |
| -- |
108 |
| 655 #9 - Rejstříkový termín - žánr/forma |
| Žánr/forma či základní termín |
children's literature |
| -- |
7 |
| 700 1# - Vedlejší záhlaví - osobní jméno autora |
| Osobní jméno |
Proietti, Laura, |
| Datumy související se jménem |
1994- |
| Kód role |
ill |
| 9 (RLIN) |
17525 |
| 700 1# - Vedlejší záhlaví - osobní jméno autora |
| Osobní jméno |
Hajžmanová, Kateřina, |
| Datumy související se jménem |
1993- |
| Kód role |
trl |
| 9 (RLIN) |
17409 |
| 765 1# - Záhlaví v originálním jazyce |
| Název |
Pocket Potters |
| 910 ## - Údaje o vlastníkovi jednotky (exempláře) |
| Sigla vlastníka jednotky |
ABG508 |